[Event "Elgoibar 10th"]
[Site "Elgoibar"]
[Date "2000.??.??"]
[Round "1"]
[White "Romero Holmes, Alfonso"]
[Black "Ivanisevic, Ivan"]
[Result "0-1"]
[WhiteElo "2473"]
[BlackElo "2530"]
[Annotator "Ribli,Z"]
[PlyCount "80"]
[EventDate "2000.11.28"]
[EventType "tourn"]
[EventRounds "9"]
[EventCountry "ESP"]
[EventCategory "11"]
[SourceTitle "CBM 081"]
[Source "ChessBase"]
[SourceDate "2001.03.20"]
[SourceVersion "1"]
[SourceVersionDate "2001.03.20"]
[SourceQuality "1"]

1. c4 e5 2. g3 Nf6 3. Bg2 c6 {Dieser Zug ist prinzipiell gut - Schwarz möchte
entweder (und in erster Linie) d7-d5 durchsetzen oder einfach nur den
Wirkungsradius des Bg2 einschränken.} 4. d4 Bb4+ (4... exd4 5. Qxd4 d5 6. cxd5
cxd5 7. Nf3 Nc6) 5. Bd2 Bxd2+ 6. Qxd2 d6 7. Nc3 O-O 8. e4 {Wir haben eine für
die Bogoindische Verteidigung typische Stellung vor uns. Weiß hat Raumvorteil,
doch die schwarze Stellung ist sehr solide.} (8. e3) 8... Nbd7 (8... a6 9. Nf3
Bg4 10. O-O Bxf3 11. Bxf3 c5 12. d5 Nbd7 13. a3 $14 {Horvath,Jo-Krizsany,L
Pecs,1997.}) 9. Nge2 (9. Nf3 b5 (9... a6 $5 10. O-O b5 11. cxb5 axb5 12. b4 Bb7
13. Rfe1 Re8 14. a4 bxa4 15. dxe5 dxe5 16. Nxa4 Qe7 17. Qc3 Ba6 18. Nd2 Bb5 $11
{1/2-1/2 Kallai,G-Leko,P/HUN-ch 1992 (35)}) 10. cxb5 cxb5 11. O-O Bb7 12. Nh4
Nb6 13. Nxb5 Bxe4 14. Bxe4 Nxe4 15. Qe2 Ng5 16. dxe5 dxe5 17. Qxe5 Nc4 18. Qd4
Qxd4 {1/2-1/2 Bunzmann,D-Bacrot,E/Lausanne 1999/CBM 71 (18)}) 9... a6 (9... Rb8
10. O-O b5 11. cxb5 cxb5 12. dxe5 dxe5 13. Rfd1 b4 14. Nd5 Ba6 15. Nc1 Nxd5 16.
exd5 Nf6 17. Nd3 Bxd3 18. Qxd3 Re8 19. d6 e4 20. Qd4 $14 {0-1 Smejkal,J-Garcia
Palermo,C/Szirak 1986 (33)}) 10. a4 $6 {Weiß verhindert zwar den Zug b7-b5,
schwächt damit aber das Feld b4. Andererseits pflegt der spanische GM einen
aggressiven Stil und zählt zu den taktisch besonders starken Spieler. Es hat
aber den Anschein, als ginge diese Stärke zu Lasten seines positionellen
Spiels.} (10. O-O b5 11. cxb5 axb5 12. a3 Nb6 $5 (12... Qb6 13. Rfd1 Bb7 14. b4
Qa7 (14... Rfe8 15. d5 cxd5 16. exd5 Rac8 17. Qd3 Rc4 18. Rac1 Rec8 19. Qd2 {
1/2-1/2 Rotstein,A-Fontaine,R/Montpellier 1999/EXT 2001 (26)}) 15. h3 Nb6 16.
dxe5 Nc4 17. Qa2 dxe5 18. a4 {1-0 Suba,M-Garcia_Palermo,C/Szirak 1986/Inf 42 
(57)}) 13. b3 Qe7 (13... Be6 $1 14. Qc2 Ra5 15. b4 $6 (15. f4 $5) 15... Ra6 16.
a4 bxa4 17. dxe5 dxe5 18. Nxa4 Nxa4 19. Rxa4 Rxa4 20. Qxa4 Qd2 $15 {Titz,
H-Baumgartner,H/AUT-ch ,EXT (06) 1987/1/2-1/2 (65)}) 14. h3 Bb7 (14... Be6 $5 {
Ribli,Z}) 15. Qe3 {Korchnoi,V-Bacrot,E/Albert (m/6) 1997/[Dorfman,J] (26)})
10... Qa5 $1 $11 {[%csl Yb4] Mit diesem Zug verschaftt sich Schwarz eine
bequeme Stellung mit starkem Spiel auf den schwarzen Feldern.} 11. O-O Qb4 {
[%csl Gb4]} 12. Rac1 a5 {[%mdl 32] Damit unterstreicht Schwarz seine
Herrschaft über das Feld b4.} (12... Qxc4 $6 {Dieser Zug sieht sehr
unnatürlich aus.} 13. Nb5 Qxa4 14. Nxd6 $44) 13. Rc2 {Ein sonderbarer Zug -
Weiß bereitet b2-b3 vor.} Re8 14. b3 exd4 (14... Qxb3 $2 15. Rb1 Qxc4 16. Nb5
$16 {[%csl Rc4][%cal Rc2c4,Rb5c7,Rc7e8,Rc7a8]}) 15. Nxd4 Nc5 $15 {[%csl Gb4,
Gc5] Schwarz hat aktives Figurenspiel. Besonders sein Nc5 steht stark.} 16. Rb1
{Weiß verteidigt den Pb3 und gibt den Zentralbauern e4 auf.} (16. Re1 Nxb3 17.
Nxb3 Qxb3 18. Rb1 Qxc4 19. Nb5 Qxa4 20. Nc7 Nxe4 21. Qc1 (21. Bxe4 Qxe4 22.
Nxa8 Bf5 (22... Bh3 23. f3 Qxf3) 23. Rcb2 Rxa8 24. Re1 $17) 21... Be6 $17)
16... Nfxe4 (16... Ncxe4) (16... Bd7 17. f3 $15) 17. Nxe4 Nxe4 18. Qxb4 (18.
Bxe4 Rxe4 $17) 18... axb4 19. Re1 (19. Re2) 19... f5 (19... Nf6 $2 20. Rxe8+
Nxe8 21. Nxc6 $1 {[%cal Rc6b4]} bxc6 (21... Bf5 22. Ne7+ $18 {[%cal Re7g8,
Re7f5]}) 22. Bxc6 {[%cal Rc6e8,Rc6a8]} Nc7 (22... Bf5 23. Re2 $18) 23. Bxa8
Nxa8 24. Rd2 $16) 20. Rce2 $44 {Weiß hat die bessere Entwicklung und spürbar
Aktivität für den Bauern.} (20. f3 Nf6 $17) 20... Kf7 (20... d5 21. cxd5 cxd5
22. f3 $16) 21. Bxe4 fxe4 22. Rxe4 Rxe4 23. Rxe4 $11 {Die Stellung ist
materiell bereits ausgeglichen. Weiß hat aktive Figuren, aber seine Bauern
stehen auf der Farbe des gegnerischen Läufers.} Bd7 24. Rf4+ Kg6 25. Nf3 (25.
Re4 Re8 26. Rxe8 Bxe8 27. f4 $11) 25... Be6 (25... Re8 26. Rd4) 26. Rd4 Rd8 27.
Ne5+ (27. c5 $5 Bxb3 28. Rxb4 Bd5 29. Nh4+ Kf6 30. cxd6 c5 31. Rb5 (31. Rb6 Bc6
$15 {[%csl Rb6]}) 31... Rxd6 32. Rxc5 Bc6 (32... g5 33. Ng2 Bc6 34. Ne3 Bxa4
$15) 33. f4 Bxa4 $15) 27... Kf5 28. Nd3 g5 (28... c5 $2 29. Nxc5 $18 {[%cal
Gd4d8]}) 29. f4 Rd7 {[%cal Rc6c5,Rc5d4] Jetzt ist der Rd7 verteidigt, es droht
30...c5.} 30. c5 $2 {[%mdl 16384] Weiß sucht taktische Verwicklungen, dabei
wäre es besser, ganz einfach auf g5 zu nehmen.} (30. fxg5 c5 (30... Kxg5 $2 31.
c5 Bxb3 (31... dxc5 $2 32. Nxc5 Re7 (32... Rxd4 33. Nxe6+ $18 {[%cal Re6d4,
Re6g5]}) 33. Rxb4 Bc8 34. Ne4+ Kg6 35. Nd6 $18) 32. cxd6 Bd5 33. Rxb4 $16) 31.
Rf4+ Kxg5 $11) 30... dxc5 31. Rxd7 Bxd7 32. Nxc5 Bc8 33. fxg5 b6 $1 (33... Kxg5
34. Nd3 (34. a5 Kf5 35. Kf2 Ke5 36. Ke3 Kd5 37. Nd3 c5) 34... Be6 35. Nc5 Bc8
$11) 34. Nd3 c5 $1 $17 {Die schwarze Bauernmasse - unterstützt durch den
schwarzen König - ist sehr gefährlich.} 35. Kf2 (35. a5 c4 36. bxc4 (36. Nxb4
cxb3 37. Nd3 bxa5 $19) 36... bxa5 $17) 35... Ke4 $1 {Das ist ausgezeichnet
gespielt. Der Pg5 ist gar nicht von Bedeutung. Das Eindringen des schwarzen
Königs nach d4-c3 hingegen ist tödlich für Weiß.} 36. Nc1 (36. Nf4 c4 37. bxc4
b3 $19) (36. Ke2 Ba6 $19 {[%csl Rd3][%cal Ra6e2]}) 36... Kd4 $19 37. Kf3 (37.
Ne2+ Kd3 38. h4 Bg4 $1 (38... c4 39. h5 cxb3 40. g6 hxg6 (40... Bf5 41. g7 Be6
42. Nf4+ $18) 41. h6 b2 42. h7 b1=Q 43. h8=Q Ba6) 39. h5 Bxh5 40. Nf4+ Kc2 41.
Nxh5 c4 $19) 37... Kc3 38. h4 Kd2 39. Ne2 Be6 (39... c4 40. bxc4 b3 $19) 40. h5
Bxb3 0-1

[Event "EU-ch 2nd"]
[Site "Ohrid"]
[Date "2001.06.02"]
[Round "2"]
[White "Hulak, Krunoslav"]
[Black "Bologan, Viktor"]
[Result "1-0"]
[WhiteElo "2564"]
[BlackElo "2676"]
[Annotator "Ribli,Z"]
[PlyCount "107"]
[EventDate "2001.06.01"]
[EventType "swiss"]
[EventRounds "13"]
[EventCountry "YUG"]
[SourceTitle "CBM 084"]
[Source "ChessBase"]
[SourceDate "2001.09.13"]
[SourceVersion "1"]
[SourceVersionDate "2001.09.13"]
[SourceQuality "1"]

1. c4 e5 2. g3 Nf6 3. Bg2 h6 {Das ist eine sehr sonderbare Fortsetzung - ich
glaube, dass Schwarz bessere Alternativen zur Verfügung stehen. Die Idee des
Zuges ist, dass sich Schwarz noch nicht auf eine bestimmte Entwicklung seiner
Figuren festlegt, und im Falle von 4.Nf3 kann er 4...e4 ziehen, da Weiß nicht
mehr das Feld g5 für seinen Springer hat. Alles in allem ist es nicht leicht
für Weiß, diesen Zug zu wiederlegen.} 4. Nc3 {Der andere Springerzug scheint
mir logischer.} (4. b3 d5 5. cxd5 Nxd5 6. Bb2 Nc6 7. Nf3 Bd6 8. O-O O-O 9. Na3
Bxa3 10. Bxa3 Re8 11. Bb2 e4 12. Ne1 Bg4 13. h3 Bh5 14. Rc1 Qd7 15. Rc4 f5 16.
d3 {1-0 Minasian,A-Bologan,V/Ohrid MKD 2001/}) (4. d3 Bb4+ 5. Nd2 (5. Bd2 a5 6.
Nc3 O-O 7. a3 Bxc3 8. Bxc3 Re8 9. Nf3 e4 10. Nh4 exd3 11. Qxd3 d6 12. O-O a4 {
1/2-1/2 Makarichev,S-Gavrikov,V/Moscow 1990/TD (25)}) 5... O-O 6. Ngf3 Re8 7.
O-O c6 8. a3 Bf8 9. b4 d5 10. cxd5 cxd5 11. Bb2 Bd6 12. Rc1 a5 13. b5 a4 {
0-1 Serper,G-Berezjuk,S/Bela Crkva 1990/EXT 97 (47)}) (4. Nf3 $5 e4 (4... Nc6
5. d4 $14) 5. Nd4 d5 (5... Nc6 6. Nc2 Ne5 7. d3 exd3 8. exd3 Be7 9. Ne3 d6 10.
d4 Neg4 11. Nc2 Nh7 12. h3 Ngf6 13. Nc3 O-O 14. Ne3 {1/2-1/2 Ghaem Maghami,
E-Komliakov,V/Moscow 2000/EXT 2001 (54)}) 6. d3 dxc4 7. dxe4 Bb4+ 8. Nc3 O-O 9.
O-O c6 10. Nc2 Bc5 11. Qxd8 Rxd8 12. Be3 {1-0 Stefansson,H-Mitkov,N/Lisbon
2000/EXT 2001 (53)}) 4... Bb4 5. Nf3 (5. e3 O-O (5... Bxc3) 6. Nge2 Re8 7. a3
Bf8 8. O-O Nc6 9. d4 d6 10. d5 Ne7 11. e4 {1/2-1/2 Nikitin,Y-Kovtun,S/
Voroshilovgrad 1989/EXT 97 (31)}) (5. Nd5 Nxd5 6. cxd5 O-O 7. Nf3 Re8 8. O-O c6
9. Qb3 Qa5 10. a3 Bf8 11. dxc6 Nxc6 12. d3 d5 {0-1 Bursteinas,R-Gavrikov,V/
Vilnius 2000/CBM 75 ext (39)}) (5. Qb3 a5 6. e3 O-O 7. Nge2 Re8 8. O-O Nc6 9.
d3 d6 10. a3 Bc5 11. Bd2 Bd7 12. h3 Qc8 13. Kh2 Bf5 14. Qc2 {1-0 Labuckas,
A-Rastenis,G/Vilnius 2000/CBM 75 ext (53)}) (5. Qc2 O-O 6. Nf3 Re8 7. O-O Nc6
8. e4 d6 9. h3 Nh7 10. d3 {1/2-1/2 Miles,A-Oratovsky,M/Lisbon 2000/EXT 2001 
(10)}) 5... Bxc3 (5... e4 $5 6. Nd4 Bxc3 7. dxc3) 6. dxc3 (6. bxc3) 6... d6 (
6... e4 7. Nd4 (7. Nd2 Qe7 8. Qc2 e3 $13)) 7. O-O (7. c5 $6 e4 8. Nd2 e3 $15)
7... Nc6 8. Ne1 {[%cal Ge1c2,Gc2e3,Ge3d5]} Be6 9. b3 Qd7 {Ich möchte anmerken,
dass wir hier eigentlich - allerdings mit vertauschten Farben - eine Stellung
der Variante 1.e4 c5 2.Nf3 Nc6 3.Bb5 g6 vor uns haben. Weiß hat das Läuferpaar,
aber es ist nicht leicht für den Bc1, ein gutes Feld zu finden.} 10. e4 O-O-O
$11 {Schwarz hat die bessere Bauernstruktur und Chancen auf Initiative am
Königsflügel. Die weiße Stellung ist solide, er kann das wichtige Feld d5 mit
seinem Springer besetzen.} 11. Nc2 h5 (11... g5 12. Ne3) 12. f3 $6 (12. h4 $11)
12... h4 13. Ne3 (13. g4 $6 Ne7 $15 {[%csl Rg2][%cal Ge7g6,Gg6f4]}) 13... Nh5 (
13... hxg3 14. hxg3 Nh5 15. Qe1 Rh7 $36) 14. Qe1 hxg3 15. hxg3 g6 (15... Rh7
$36) 16. Nd5 {[%csl Gd5]} f5 17. Bg5 Rdf8 $15 {[%mdl 128] Droht 18...f4 mit
starkem Angriff.} 18. exf5 gxf5 (18... Rxf5 19. Be3 Rf7 $36) 19. f4 e4 $6 {
Dieser Zug gefällt mir nicht - ich glaube, dass Schwarz die Spannung am
Königsflügel aufrecht erhalten muss.} (19... Qg7 $5 $40 {[%cal Gg7g1]}) 20. Qe3
{[%csl Ge3][%cal Ge3a7]} Kb8 21. Kf2 $1 {Der weiße König steht ausgezeichnet
auf f2 und bereitet den Zug 22.Rh1 vor.} Nd8 {[%cal Gd8f7,Gf7g5] Der Springer
nimmt den Bg5 ins Visier.} (21... Bxd5 22. cxd5 Ne7 23. c4 Nf6 24. Bxf6 Rxf6
25. Rh1 Rfh6 26. Rxh6 Rxh6 27. Rh1 Rxh1 28. Bxh1 Ng8 $11) 22. Rh1 Nf7 $4 {
[%mdl 8192] Ein unglaublicher Fehler, der kaum zu erklären ist.} (22... Bxd5 $5
23. cxd5 (23. Bxd8 $2 Qxd8 24. cxd5 Nf6 $17) 23... Nf7 $13) 23. Rxh5 $1 $18 {
Dank des Motivs Nf6 gewinnt Weiß eine ganze Figur.} Nxg5 (23... Rxh5 24. Nf6
$18) 24. Rxh8 (24. Rxg5 $18) 24... Rxh8 25. fxg5 Bxd5 26. cxd5 Qf7 27. Rh1 (27.
c4 Qg7) 27... Rg8 28. Bf1 (28. c4 Qg7 29. Rh6 Qb2+ 30. Kg1 $18) 28... a6 (28...
Qxd5 29. Bc4 $18) 29. Be2 Rf8 (29... Qg6 30. Rh6 (30. Rh5 $18) 30... Qxg5 31.
Qxg5 Rxg5 32. Rh7 $18) 30. c4 Qg7 31. Rh6 b6 32. Kg2 (32. b4 $18) 32... Kb7 33.
b4 Qe5 34. Re6 {[%csl Ge6]} Qb2 {[%cal Rb2b4,Rb2a2,Gb2g2]} 35. a3 (35. c5 $18)
35... Rg8 36. Kf2 (36. g6 $18) 36... Rh8 37. Rh6 Rf8 38. Kg2 Rg8 39. g6 {
Endlich bringt Weiß seinen g-Bauern voran.} Qe5 40. Bh5 Rf8 (40... Qb2+ 41. Kh3
$18) 41. Qf4 Qb2+ 42. Kh3 Qa1 43. Kh4 Qf6+ 44. Kh3 (44. Qg5 Qb2) 44... Qa1 45.
Kg2 Qa2+ (45... Qb2+ 46. Qf2 $18) 46. Qf2 Qxc4 47. g7 (47. Qd2 $18 {Mit diesem
Zug konnte Weiß den Wirkungsradius der schwarzen Dame einschränken.}) 47... Rg8
48. Qxf5 Rxg7 49. Rg6 (49. Rh8 Rxg3+ 50. Kxg3 Qc3+ 51. Bf3 Qxh8 52. Qxe4 $18)
49... Rxg6 50. Bxg6 Qa2+ 51. Kh3 e3 52. Be8 {[%csl Rb7]} Qe2 53. Bc6+ Ka7 54.
Qf7 1-0

[Event "Jakarta Gunadarma"]
[Site "Jakarta"]
[Date "1996.??.??"]
[Round "4"]
[White "Hickl, Joerg"]
[Black "Adianto, Utut"]
[Result "1-0"]
[WhiteElo "2600"]
[BlackElo "2605"]
[Annotator "Ribli,Z"]
[PlyCount "63"]
[EventDate "1996.10.15"]
[EventType "tourn"]
[EventRounds "9"]
[EventCountry "INA"]
[EventCategory "13"]
[SourceTitle "CBM 056"]
[Source "ChessBase"]
[SourceDate "1997.02.01"]
[SourceVersion "1"]
[SourceVersionDate "1997.02.01"]
[SourceQuality "1"]

1. c4 e5 2. g3 c6 3. Qa4 $5 {Ich glaube, dieser Zug bietet Weiß keinen
Eröffnungsvorteil. Meiner Meinung nach hat dieser Zug nur den Vorteil des
Überraschungseffektes. Andererseits ist GM Hickl ein sehr guter Spieler aber
kein Eröffnungsspezialist,Ribli.} (3. Bg2 d5 4. cxd5 cxd5 5. d4 exd4 6. Nf3
Bb4+ 7. Nbd2 d3 8. e3 Nc6 9. O-O Nf6 10. a3 Bxd2 11. Bxd2 Bf5 12. Bc3 O-O 13.
Nh4 Be4 14. f3 d4 $2 (14... Bg6 $5 15. Nxg6 hxg6 16. Qxd3 Qb6 $10 {Ribli.}) 15.
exd4 Bd5 16. Qxd3 $16 {Horvath,Jo - Weteschnik,Paks 1996.}) 3... Nf6 4. Bg2 Be7
(4... Bc5 5. Nc3 O-O 6. Qb3 $6 Na6 7. d3 d5 8. a3 Bb6 9. Qc2 dxc4 10. dxc4 Qd4
11. Be3 Qxc4 12. Bxb6 axb6 13. Nf3 Re8 $17 {Csom-Farago,Ung.Meisterschaft 1993.
}) 5. Nf3 d6 (5... Qc7 $5) 6. O-O O-O 7. d3 Nbd7 8. Qc2 a5 $6 {Dieser Zug
gefällt mir nicht. Er schwächt den Punkt b5 ohne erkennbaren Grund.Ribli.} (
8... b6 9. b3 Bb7 10. Bb2 Re8 11. Nbd2 Bf8 {Ribli.}) 9. b3 d5 $6 10. cxd5 cxd5
11. Bb2 e4 $6 (11... Bd6 12. Nc3) (11... d4 12. Na3) 12. dxe4 dxe4 13. Ng5 e3
14. f4 $1 $14 {Typischer und starker Zug. Früher oder später faßt Weiß diesen
Bauern ab. Mit zwei Läufern auf der großen Diagonalen steht Weiß klar besser.
Ribli.} h6 {Schwarz kann sich diesen Zug nicht sparen, denn es droht 15.Rd1
mit der Idee 16.Bxf6 17.Rxd7 l8.Qxh7.Ribli.} 15. Nf3 Nc5 16. Na3 Na6 (16... Be6
$2 17. Bxf6 Bxf6 (17... gxf6 $16) 18. Qxc5 Be7 19. Qc1 $18) 17. Rfd1 Qe8 18.
Nc4 a4 19. Nd6 (19. Nxe3 $4 Bc5 $19) 19... axb3 20. axb3 Bxd6 21. Rxd6 Nb4 22.
Qc3 Rxa1+ 23. Bxa1 Qb5 (23... Nbd5 $2 24. Rxd5 Nxd5 25. Qxg7#) 24. Nd4 (24.
Rxf6 $2 Nd5) 24... Qa5 25. h3 b6 {[#]} (25... Re8) 26. Rxf6 gxf6 27. Nc6 Nd5
28. Ne7+ (28. Bxd5 $18) 28... Kg7 29. Nxd5 Qxc3 30. Bxc3 Bf5 31. Bxf6+ Kg6 32.
Bd4 {Und Schwarz ist hilflos.Ribli.} 1-0

[Event "RUS-ch"]
[Site "Elista"]
[Date "1996.??.??"]
[Round "10"]
[White "Khalifman, Alexander"]
[Black "Rublevsky, Sergei"]
[Result "1-0"]
[WhiteElo "2640"]
[BlackElo "2645"]
[Annotator "Ribli,Z"]
[PlyCount "91"]
[EventDate "1996.10.15"]
[EventType "swiss"]
[EventRounds "11"]
[EventCountry "RUS"]
[SourceTitle "CBM 056"]
[Source "ChessBase"]
[SourceDate "1997.02.01"]
[SourceVersion "1"]
[SourceVersionDate "1997.02.01"]
[SourceQuality "1"]

1. c4 e5 2. g3 Nf6 3. Bg2 c6 4. d4 Bb4+ 5. Bd2 Bxd2+ 6. Qxd2 d6 7. Nc3 O-O (
7... Qe7 8. e4 (8. e3 $5) 8... d5 $1 9. cxd5 exd4 10. Qxd4 cxd5 11. Nxd5 Nxd5
12. Qxd5 O-O 13. Ne2 Rd8 14. Qb3 Be6 15. Qe3 Qb4+ 16. Qc3 Nc6 17. O-O Rd2 $44 {
Davies,N-Khenkin,I/Tel Aviv/1992/CBM30/}) 8. e4 {Diese Stellung erinnert mich
an die Bogoindische Verteidigung. Weiß wählt einen anderen Plan als 8.e4, er
setzt mit 8.e3 und 9.Nge2 fort.Ribli.} (8. Nf3 $6 e4 9. Ng5 d5 $15) 8... a6 $6
(8... Re8 $142 9. Z0 $140 Nbd7 10. Z0 Qc7 {oder Qb6}) 9. Nf3 Bg4 $5 {Ich denke,
daß dieser Plan mit Bxf3 nicht gut für Schwarz ist. Weiß hat freie Hand mit
seinem Läufer.Ribli.} (9... Nbd7 10. O-O Re8 11. h3 b5 12. cxb5 axb5 13. a3 Qb6
14. Rac1 b4 15. axb4 Qxb4 16. Nd5 Qxd2 17. Nxf6+ Nxf6 18. Nxd2 Ba6 19. Rfd1 Be2
20. Re1 Bb5 21. Nc4 $14 {Mandl,Ro-Hecht,H/BL2-S 9091/}) 10. O-O Bxf3 11. Bxf3
Nbd7 (11... c5 12. d5 Nbd7 13. Bg2 (13. Be2 {Und obwohl die Stellung
geschlossen ist, kann Weiß später durch f2-f4 mit besseren Aussichten öffnen.
Ribli.})) 12. Rfd1 b5 {Das scheint ein aktiver Zug zu sein, erzeugt aber nur
Schwächen in der schwarzen Stellung.Ribli.} 13. cxb5 axb5 (13... cxb5 14. a3
$14) 14. a3 Qb6 (14... Nb6 15. b3 {Und Weiß kann später a4 spielen.Ribli.}) 15.
b4 exd4 $6 (15... Rfd8 $5) 16. Qxd4 Qxd4 17. Rxd4 Ne5 18. Be2 c5 19. Rdd1 cxb4
20. axb4 Rxa1 21. Rxa1 Nc6 22. Nxb5 d5 $2 (22... Nxe4 $5 23. Bf3 d5) 23. Rc1 $1
Nxb4 24. e5 Ne4 25. Nd4 {Jetzt besitzt Weiß dauerhafte Initiative. Auch ohne
Damen ist sein Angriff am Königsflügel gefährlich.Ribli.} g6 26. f3 Nd2 27. Rc7
$14 {Droht 28.Rb7.} Rb8 28. Kf2 Nc4 29. Bxc4 dxc4 30. f4 Nd3+ (30... Nd5 31.
Rxc4 Rb2+ 32. Rc2 Rxc2+ 33. Nxc2 {Dieses Endspiel ist sehr unangenehm für
Schwarz.}) 31. Ke3 Nb2 32. Ke4 {Interessantes Bild. Weiß hat keinen
Materialvorteil, aber seine Stellung ist gewonnen. Der schwarze Springer hat
sich verirrt, und die weiße Aktivität entscheidet die Partie,Ribli.} Ra8 33. f5
gxf5+ 34. Nxf5 h5 35. Nh6+ Kg7 36. Nxf7 Kg6 37. Nd6 Ra4 38. Kd5 Ra5+ 39. Kd4
Ra1 40. Kc3 Na4+ 41. Kb4 c3 42. Kb5 $1 {Ein wichtiger Zug. Weiß muß das Feld
b6 kontrollieren!} (42. Kb3 $6 Nb6 43. e6 Nd5) 42... Nb2 43. e6 Re1 44. e7 Re5+
45. Kb6 Na4+ 46. Ka7 {Ribli} 1-0

[Event "ISR-ch op"]
[Site "Ramat Aviv"]
[Date "1999.??.??"]
[Round "7"]
[White "Berkovich, Mark A"]
[Black "Ribshtein, Nati"]
[Result "1/2-1/2"]
[WhiteElo "2420"]
[BlackElo "2300"]
[Annotator "Ribshtein,N"]
[PlyCount "116"]
[EventDate "1999.03.28"]
[EventType "swiss"]
[EventRounds "9"]
[EventCountry "ISR"]
[SourceTitle "CBM 070"]
[Source "ChessBase"]
[SourceDate "1999.06.08"]
[SourceVersion "1"]
[SourceVersionDate "1999.06.08"]
[SourceQuality "1"]

1. c4 e5 2. g3 Nf6 3. Bg2 d5 4. cxd5 Nxd5 5. Nf3 Nc6 6. O-O Nb6 7. b3 g6 8. Nc3
Bg7 9. Ba3 a5 10. Ne1 Nb4 11. Nd3 Nxd3 $5 $146 (11... Qe7 $145 $5 12. f4 exf4
13. Rxf4 O-O $1 14. Kh1 c5 15. Qg1 Nd7 16. Raf1 Ra6 $1 $13 {Speelman,J-Oll,L
1997}) 12. exd3 f5 $1 13. Rc1 Qxd3 $2 (13... c6 $1 14. f4 Kf7 $1 $17 (14... Be6
{Alterman,B} 15. fxe5 Qxd3 16. Ne2 $1 Bxe5 17. Nf4 Bxf4 18. Rxf4 Qd7 19. Bb2 $5
(19. Qe2 O-O-O $13) 19... Rg8 $13)) 14. Re1 Kf7 15. Na4 $4 (15. Bf1 $1 Qd8 16.
Nb5 Nd5 (16... c6 17. Nd6+ Kg8 18. Nc4 Nd7 19. d4 $1 e4 (19... b5 20. dxe5 $1
$18) 20. d5 c5 21. d6 $18) 17. Bc4 c6 (17... Be6 18. Bxd5 Bxd5 19. Rxc7+ $18)
18. Nd6+ Kg8 19. Qf3 e4 20. Rxe4 $18) 15... Qd8 $1 $132 16. Nxb6 cxb6 17. Qc2
Re8 18. Qc4+ $2 (18. Qc7+ Kg8 $132) 18... Be6 19. Qc7+ Kg8 20. Bxb7 Ra7 21. Bb2
$8 Qxd2 $1 22. Ba1 Qd7 (22... Rc8 $4 23. Qe7 Rxc1 24. Qe8+ Bf8 25. Qxe6+ Kg7
26. Bxe5+ Kh6 27. Bf4+ $18) 23. Qxd7 Bxd7 24. Rc7 Be6 25. Bxe5 Bf7 26. f4 Bf8
27. Kf1 a4 28. Rd1 axb3 29. axb3 Re7 30. Rxe7 Bxe7 31. Bd5 Bc5 32. Bc4 Bxc4+
33. bxc4 Kf7 34. Ra1 Rxa1+ 35. Bxa1 $11 Ke6 36. Ke2 Kd6 37. Bc3 Kc6 38. h3 Kd6
39. Be5+ Ke6 40. Kf3 Bg1 41. Bg7 Kd6 42. Bf8+ Kc6 43. Be7 Bc5 44. Bf6 Kb7 45.
Bg7 Bb4 46. g4 Bd2 47. gxf5 gxf5 48. Be5 Kc6 49. Ke2 Bc1 50. Kd3 Ba3 51. Bd4
Bd6 52. Be3 Be7 53. Bc1 Bc5 54. Bb2 Kb7 55. Bd4 Bd6 56. Be3 Kc6 57. Bc1 Bc5 58.
Bb2 Bd6 1/2-1/2